Las sinfonías de Beethoven: la música - Fidelio - Cherubini - Spontini - Paganini - Bellini

সংরক্ষণ করুন:
গ্রন্থ-পঞ্জীর বিবরন
প্রধান লেখক: Berlioz, Hector Louis (Author)
বিন্যাস: গ্রন্থ
ভাষা:স্প্যানিশ
প্রকাশিত: La Plata Calomino 1943
বিষয়গুলি:
ট্যাগগুলো: ট্যাগ যুক্ত করুন
কোনো ট্যাগ নেই, প্রথমজন হিসাবে ট্যাগ করুন!

MARC

LEADER 00000nam a2200000 a 4500
001 UCN3199
003 CL-VaPUC
008 010622e19430000AG |||||||||||||||||spa|d
082 0 4 |a 784.184  |b BER  |2 21 
100 |a Berlioz, Hector Louis  |e author  |9 306282 
245 1 4 |a Las sinfonías de Beethoven: la música - Fidelio - Cherubini - Spontini - Paganini - Bellini 
300 |a 173 p 
942 |c BK 
945 |d 20010622 00:00:00  |a crobeson 
260 |a La Plata  |b Calomino  |c 1943 
600 0 |a Beethoven, Ludwig van  |d 1770​-1827  |e compositor  |9 306286 
650 0 |a Música orquestal  |9 306546 
650 0 |a Sinfonías  |9 353494 
650 0 |a Análisis musical  |9 267228 
583 |a last modification  |c 20010622 00:00:00  |k Rodrigo Vera 
999 |c 296124  |d 296122 
952 |0 0  |1 0  |4 0  |6 784_184000000000000_BER_1943  |7 0  |8 A  |9 349736  |a BIBEDU  |b BIBEDU  |d 2019-11-20  |i 1234528  |o 784.184 BER 1943  |p 1234528  |r 2023-01-12  |w 2019-11-20  |y BK  |k MUS